Looking out, Looking in: (Record no. 4603)

MARC details
000 -LEADER
fixed length control field 00645nam a22001937a 4500
003 - CONTROL NUMBER IDENTIFIER
control field OSt
005 - DATE AND TIME OF LATEST TRANSACTION
control field 20251001044948.0
008 - FIXED-LENGTH DATA ELEMENTS--GENERAL INFORMATION
fixed length control field 251001b |||||||| |||| 00| 0 eng d
020 ## - INTERNATIONAL STANDARD BOOK NUMBER
International Standard Book Number 0155017284
040 ## - CATALOGING SOURCE
Original cataloging agency DWCL-Main lib
Transcribing agency OC
082 ## - DEWEY DECIMAL CLASSIFICATION NUMBER
Edition number 8th edition
Classification number Circ. 158.2 Al316 1996
100 ## - MAIN ENTRY--PERSONAL NAME
Personal name Adler, Ronald B.
245 ## - TITLE STATEMENT
Title Looking out, Looking in:
Remainder of title interpersonal communication/
Statement of responsibility, etc. Ronald B. Adler
250 ## - EDITION STATEMENT
Edition statement 8th edition
260 ## - PUBLICATION, DISTRIBUTION, ETC.
Place of publication, distribution, etc. Florida:
Name of publisher, distributor, etc. Holt, Rinehart and Winston, Inc.,
Date of publication, distribution, etc. c1996
300 ## - PHYSICAL DESCRIPTION
Extent xii, 477 pages:
Other physical details color illustration
Dimensions 26cm.
650 ## - SUBJECT ADDED ENTRY--TOPICAL TERM
Topical term or geographic name entry element 1. Interpersonal communication
942 ## - ADDED ENTRY ELEMENTS (KOHA)
Source of classification or shelving scheme Dewey Decimal Classification
Koha item type Book Circulation
Edition 8th edition
Call number prefix Circ.
Suppress in OPAC No
952 ## - LOCATION AND ITEM INFORMATION (KOHA)
--
Holdings
Withdrawn status Lost status Source of classification or shelving scheme Damaged status Not for loan Home library Current library Shelving location Date acquired Source of acquisition Total Checkouts Full call number Barcode Date last seen Copy number Price effective from Koha item type Uniform Resource Identifier
    Dewey Decimal Classification     College Library College Library Circulation 03/31/2022 Donation   Circ. 158.2 Al316 1996 53267 10/01/2025 c1 10/01/2025 BK-CIRC